000 02805nam0a2200409 4500
001 RU\NLR\BIBL_A\011641076
005 20250626102527.0
020 _aRU
_b12507
_9Сводный каталог листовок первых лет Советской власти (25 октября (7 ноября) 1917 - 1925) Т.4 (Ч.3). Листовки советских, партийных, профсоюзных, комсомольских и других организаций губерний РСФСР
035 _a(NLR Aleph) 011641076
090 _a11079997
_c11079997
100 _a20180222d1922 |||y0rusy50 ca
101 0 _arus
102 _aRU
105 _ay z 000zy
135 _acrcn 024apada
200 1 _aПриказ по Царицынской губернии и уездам, 19-го апр. 1922 г., г. Царицын: [О борьбе с бандитизмом
_eлистовка
_fЦарицынский губ. исполнительный комитет Советов]
210 _aЦарицын
_cТипо-лит. Губсовнархоза
_d[1922, апр.]
215 _a1 с.
_d35х18
300 _aПодписи: председатель Царицынского губисполкома Муругов; начальник Царицынского губернского отдела Госполитуправления Торопкин; за начальника Гарнизона губвоенком Антонов
325 1 _aКопия доступна в Электронной библиотеке РНБ
517 1 _aО борьбе с бандитизмом
607 _aРСФСР
_jЛистовки
_xПолитика и управление
_y1917 - 1925
_92312782
_3RU\NLR\auth\6601609564
686 0 _aТ3(2)71-313,011
686 0 _aТ3(2Р-7Ц)713-313,011
702 1 _4720
_7ca
_8rus
_aМуругов
_bИ. В.
_cпарт. деятель
_f1897-1941
_gИван Васильевич
_9174692
_3RU\NLR\AUTH\770174743
702 1 _4720
_aТоропкин
_cучастник установления советской власти, г. Царицын
_9192744
_3RU\NLR\AUTH\770192795
702 1 _4720
_aАнтонов
_cучастник установления советской власти, г. Царицын
_9192753
_3RU\NLR\AUTH\770192804
710 0 2 _aСталинградский губернский исполнительный комитет Советов
_9466582
_3RU\NLR\AUTH\880399808
852 0 0 _aNLR
_bФЛ
_j61/6
942 _cBOOK
980 _aNB
981 2 1 _a(21) Листовки
_b(21) Листовки 1922 года